MARC details
| 000 -CABECERA |
| campo de control de longitud fija |
02299nam a2200325 i 4500 |
| 001 - NÚMERO DE CONTROL |
| campo de control |
10575049 |
| 003 - IDENTIFICADOR DEL NÚMERO DE CONTROL |
| campo de control |
CaAEU |
| 005 - FECHA Y HORA DE LA ÚLTIMA TRANSACCIÓN |
| campo de control |
20250916092004.0 |
| 006 - CÓDIGOS DE INFORMACIÓN DE LONGITUD FIJA--CARACTERÍSTICAS DEL MATERIAL ADICIONAL |
| campo de control de longitud fija |
m o d | |
| 007 - CAMPO FIJO DE DESCRIPCIÓN FÍSICA--INFORMACIÓN GENERAL |
| campo de control de longitud fija |
cr cnu|||||||| |
| 008 - DATOS DE LONGITUD FIJA--INFORMACIÓN GENERAL |
| campo de control de longitud fija |
200228s2020 nju o 001 0 eng d |
| 020 ## - NÚMERO INTERNACIONAL ESTÁNDAR DEL LIBRO |
| Número Internacional Estándar del Libro |
9781119579595 |
| Información calificativa |
(e-book) |
| 020 ## - NÚMERO INTERNACIONAL ESTÁNDAR DEL LIBRO |
| ISBN cancelado o inválido |
9781119579571 |
| 035 ## - NÚMERO DE CONTROL DEL SISTEMA |
| Número de control de sistema |
on1135475807 |
| 039 ## - NIVEL DE CONTROL BIBLIOGRÁFICO Y DETALLES DE CODIFICACIÓN [OBSOLETO] |
| Nivel de reglas en descripción bibliográfica |
exclude |
| 040 ## - FUENTE DE LA CATALOGACIÓN |
| Centro catalogador/agencia de origen |
MiAaPQ |
| Lengua de catalogación |
eng |
| Normas de descripción |
rda |
| -- |
pn |
| Centro/agencia transcriptor |
MiAaPQ |
| Centro/agencia modificador |
MiAaPQ |
| -- |
AEU |
| 041 ## - CÓDIGO DE LENGUA |
| Código de lengua del texto/banda sonora o título independiente |
English |
| 050 #4 - SIGNATURA TOPOGRÁFICA DE LA BIBLIOTECA DEL CONGRESO |
| Número de clasificación |
TK5105.884 |
| Número de documento/Ítem |
. K468 2020 |
| 100 ## - ENTRADA PRINCIPAL--NOMBRE DE PERSONA |
| Nombre de persona |
Kent, Peter, |
| Término indicativo de función/relación |
author. |
| 9 (RLIN) |
25894 |
| 245 10 - MENCIÓN DE TÍTULO |
| Título |
SEO for dummies |
| Mención de responsabilidad, etc. |
/ by Peter Kent. |
| 250 ## - MENCIÓN DE EDICIÓN |
| Mención de edición |
Seventh edition. |
| 264 #1 - PRODUCCIÓN, PUBLICACIÓN, DISTRIBUCIÓN, FABRICACIÓN Y COPYRIGHT |
| Producción, publicación, distribución, fabricación y copyright |
Hoboken, New Jersey : |
| Nombre del de productor, editor, distribuidor, fabricante |
For Dummies, |
| Fecha de producción, publicación, distribución, fabricación o copyright |
[2020] |
| 264 #4 - PRODUCCIÓN, PUBLICACIÓN, DISTRIBUCIÓN, FABRICACIÓN Y COPYRIGHT |
| Fecha de producción, publicación, distribución, fabricación o copyright |
©2020 |
| 300 ## - DESCRIPCIÓN FÍSICA |
| Extensión |
xviii, 486 pages |
| 500 ## - NOTA GENERAL |
| Nota general |
Includes index. |
| 520 ## - SUMARIO, ETC. |
| Sumario, etc. |
Packed with tips, tricks, and secrets, SEO For Dummies shows you how to create and maintain a website that ranks at the top of search engines and drives high-volume traffic. Using plain-English explanations and easy-to-follow instructions, this friendly guide helps you come to grips with search engine basics―what they are, which ones are important, and how to get started―and build a search-engine-friendly site.<br/><br/>SEO is an integral part of getting a site to rank in the various search engines in order to attract potential customers. In the new edition of this bestselling guide to search engine optimization, you'll learn the ins and outs and best practices of successful SEO in order to make your website content more search-engine friendly so that it ranks higher among searches and draws the masses. Covering the latest information on pay-per-click options, using social media to boost your profile, and managing your platform and reputation to positively impact your search engine rankings, this hands-on guide is the fun and friendly place to start learning how to move your site to the top of the rankings.<br/><br/>Develop a search strategy and use local search capabilities<br/>Build sites that increase your search visibility.<br/>Analyze results with updated tracking tools.<br/>Maximize content marketing strategies.<br/>If you're asking yourself the essential question of "how do I get people to visit my site," you've come to the right place! |
| 650 #0 - PUNTO DE ACCESO ADICIONAL DE MATERIA--TÉRMINO DE MATERIA |
| Término de materia o nombre geográfico como elemento de entrada |
Web search engines |
| 9 (RLIN) |
7488 |
| 653 ## - TÉRMINO DE INDIZACIÓN--NO CONTROLADO |
| Término no controlado |
SEO |
| 942 ## - ELEMENTOS DE ENTRADA AGREGADA (KOHA) |
| Fuente del sistema de clasificación o colocación |
Clasificación de Library of Congress |